Chatbot na analýzu dokumentov pomocou jazykových modelov

Salvato in:
Dettagli Bibliografici
Autore principale: Plankó, Ádám (Autore)
Altri autori: Repka, Marek (Relatore della tesi)
Natura: Manoscritto Libro
Lingua:slovacco
Pubblicazione: Bratislava : STU v Bratislave FEI, 2024
Soggetti:
Accesso online:https://opac.crzp.sk/?fn=detailBiblioFormChildMMQMS&sid=DDCD2C6FBCAD481F214AC4B200E4&seo=CRZP-detail-kniha
Tags: Aggiungi Tag
Nessun Tag, puoi essere il primo ad aggiungerne!!

MARC

LEADER 00000ntm a22000003a 4500
001 stuzp98582
003 SK-STU
005 20250409143244.7
007 ta
008 150427s2015----xo-----f-mn---000-0-slo-d
040 |a STU  |b slo 
041 0 |a slo 
044 |a xo 
100 1 |a Plankó, Ádám  |u 035000  |4 aut  |U FEI Fakulta elektrotechniky a informatiky  |T FEI Ústav informatiky a matematiky  |X 115099  |U E050  |Y 816  |7 115099 
242 0 1 |a Chatbot for analyzing documents using language models  |y eng 
245 1 0 |a Chatbot na analýzu dokumentov pomocou jazykových modelov 
260 |a Bratislava :  |b STU v Bratislave FEI,  |c 2024 
300 |a 52 s. 
650 4 |a Umelá inteligencia  |2 slo 
650 4 |a Chatbot  |2 slo 
650 4 |a Veľké jazykové modely  |2 slo 
650 4 |a Chatbot  |2 eng 
650 4 |a Aritficial intelligence  |2 eng 
650 4 |a Large language models  |2 eng 
700 1 |a Repka, Marek  |4 ths  |X 29017  |7 A000029017 
856 4 |u https://opac.crzp.sk/?fn=detailBiblioFormChildMMQMS&sid=DDCD2C6FBCAD481F214AC4B200E4&seo=CRZP-detail-kniha